000 00690nam a22001697a 4500
003 UA-OsUOA
001 12184
007 ta
008 20050420b un ||||| |||| 00| 0 ukr d
942 _cSA
040 _aUA-OsUOA
_cUA-OsUOA
_dUA-OsUOA
245 _aПро внесення змін до Порядку визначення виробників і покупців спирту та здійснення контролю за його обігом : Постанова Кабінету Міністрів України, 13 квітня 2005 р. №275
300 _aС.4
955 _a0
773 0 _w0
_tУрядовий кур'єр
_dКиїв
_d2005
_gN70/15 квіт./
650 7 _2UDC
999 _c298345
_d298345